000
00325nam a2200145Ia 4500
100
_a
Tharma/ P.
650
_a
Electrical Engineering
942
_c
BK
654
_a
amplifiers
245
_a
Transister audio amplifiers
260
_b
Van Nostrand
_a
New York
_c
1971
082
_a
621.38
300
_a
413
546
_a
ENGLISH
999
_c
34403
_d
34403